Can we talk? : (Record no. 7101)

MARC details
000 -LEADER
fixed length control field 00778pam a2200229 4500
001 - CONTROL NUMBER
control field 8231
005 - DATE AND TIME OF LATEST TRANSACTION
control field 20181127185426.0
008 - FIXED-LENGTH DATA ELEMENTS--GENERAL INFORMATION
fixed length control field 960619s1996 nyu b 001 0 eng
010 ## - LIBRARY OF CONGRESS CONTROL NUMBER
LC control number 96028343
020 ## - INTERNATIONAL STANDARD BOOK NUMBER
International Standard Book Number 0306454017
082 00 - DEWEY DECIMAL CLASSIFICATION NUMBER
Classification number 302.23/44/0973
Edition number 20
100 1# - MAIN ENTRY--PERSONAL NAME
Personal name Scott, Gini Graham.
245 10 - TITLE STATEMENT
Title Can we talk? :
Remainder of title the power and influence of talk shows /
Statement of responsibility, etc. Gini Graham Scott.
260 ## - PUBLICATION, DISTRIBUTION, ETC.
Place of publication, distribution, etc. New York :
Name of publisher, distributor, etc. Insight Books,
Date of publication, distribution, etc. c1996.
300 ## - PHYSICAL DESCRIPTION
Extent vi, 329 p. ;
Dimensions 22 cm.
504 ## - BIBLIOGRAPHY, ETC. NOTE
Bibliography, etc. note Includes bibliographical references and index.
650 #0 - SUBJECT ADDED ENTRY--TOPICAL TERM
Topical term or geographic name entry element Radio broadcasting
General subdivision Social aspects
Geographic subdivision United States.
Topical term or geographic name entry element Radio talk shows.
Topical term or geographic name entry element Television broadcasting
General subdivision Social aspects
Geographic subdivision United States.
Topical term or geographic name entry element Television talk shows.
Holdings
Withdrawn status Lost status Source of classification or shelving scheme Damaged status Not for loan Collection code Home library Current library Shelving location Date acquired Serial Enumeration / chronology Inventory number Total Checkouts Full call number Barcode Date last seen Date last checked out Price effective from Koha item type
    Dewey Decimal Classification     Main TEST RTC Library RTC Library Main opac 12/01/2022 12386 1 302.23 SCO 30012326 23/10/2023 09/10/2023 27/11/2018 Main
Royal Thimphu College || All Right Reserved